ICT integration in enhancing English language teaching and learning /
Saved in:
| Main Author: | |
|---|---|
| Format: | Thesis Book |
| Language: | English |
| Published: |
2009.
|
| Subjects: | |
| Online Access: | http://dspace.fsktm.um.edu.my/handle/1812/917 |
| Tags: |
Add Tag
No Tags, Be the first to tag this record!
|
| LEADER | 01215cam a2200289 a 4500 | ||
|---|---|---|---|
| 001 | u780912 | ||
| 003 | SIRSI | ||
| 005 | 200910261521 | ||
| 008 | 091026s2009 my t 000 0 eng | ||
| 040 | |a UMM | ||
| 043 | |a a-my--- | ||
| 090 | |a TA58.5 |b UMP 2009 Pet | ||
| 100 | 0 | |a Peterson J. Samuel. | |
| 245 | 1 | 0 | |a ICT integration in enhancing English language teaching and learning / |c Peterson @ Robinson a/l J. Samuel. |
| 260 | |c 2009. | ||
| 300 | |a xiv, 385 leaves : |b ill. ; |c 30 cm. | ||
| 502 | |a Thesis (Ph.D) -- Jabatan Sains Maklumat, Fakulti Sains Komputer dan Teknologi Maklumat, Universiti Malaya, 2009. | ||
| 504 | |a Bibliography: leaves 277-302. | ||
| 650 | 0 | |a English language |x Study and teaching |z Malaysia |x Computer-assisted instruction. | |
| 650 | 0 | |a English language |x Study and teaching |x Foreign speakers |x Computer-assisted instruction. | |
| 650 | 0 | |a Web-based instruction |x Design. | |
| 650 | 0 | |a Internet in education. | |
| 710 | |a Universiti Malaya. |b Jabatan Sains Maklumat. | ||
| 856 | 4 | 1 | |u http://dspace.fsktm.um.edu.my/handle/1812/917 |
| 900 | |a NHS-ZA | ||
| 596 | |a 1 | ||
| 999 | |a TA58.5 UMP 2009 PET |w LC |c 1 |i A513796048 |d 22/6/2018 |e 22/6/2018 |f 2/4/2012 |g 1 |l STACKS |m P01UTAMA |n 22 |r Y |s Y |t TESIS |u 29/3/2012 | ||
